000 00755nam a22002417a 4500
003 OSt
005 20210623134409.0
008 210318b 2020 dr 00| 0 spa d
020 _a9789945503876
040 _aDO-SdBNP
_bspa
_cBNPHU
082 4 _aRD861.44
_bG993m
_222
100 1 0 _aGuzmàn, Ángel,
_978170
_d1971-
245 1 0 _aMelodías del pensamiento /
_cÁngel Guzmán
260 _aSanto Domingo :
_bEdiciones Ferilibro,
_c2020.
300 _a263 p. ;
_c21 cm
490 1 _aPoesía
500 _aIncluye datos biográficos del autor en a solapa de la cubierta
590 _aInventariado, 2021 / DG
650 4 _aPoesía dominicana
_978964
650 4 _aLiteratura dominicana
_978965
910 _aDG/Validado. Control de calidad MFF
942 _2ddc
_cLBS1
999 _c49609
_d49609